000 00541nam a22002057a 4500
003 OSt
005 20160624192634.0
008 160624b xxu||||| |||| 00| 0 eng d
020 _a9290612134
040 _cDNLM
082 _2WC505 S76w 2006
100 _aWorld Health Organization
_93669
245 _aSARS: How a global Epidemic was stopped
260 _aGeneva; WHO, 2006
300 _ax,307p; ill: 25cm
504 _aGlossary, & index included
650 _aEpidemics
_99608
650 _aSARS Medicine
_99609
942 _2z
_cO_SHELF
999 _c4474
_d4474